Bio a eko-logicky - bez hnojív a pesticídov. Návraty k zdravému a rozumnému poľnohospodárstvu
Pestovanie bylín a liečivých rastlín v ekologicky čistom prostredí Pienin. Na otázky odpovedá konateľka firmy Agrokarpaty s.r.o., Plavnica.
Salvato in:
| Natura: | Capitolo di libro |
|---|---|
| Lingua: | slovacco |
| Soggetti: | |
| Tags: |
Nessun Tag, puoi essere il primo ad aggiungerne!!
|
MARC
| LEADER | 00000naa a2200000 4500 | ||
|---|---|---|---|
| 001 | 0200124 | ||
| 005 | 20231109071112.7 | ||
| 041 | 0 | |a slo | |
| 044 | |a SK | ||
| 245 | 1 | 0 | |a Bio a eko-logicky - bez hnojív a pesticídov. Návraty k zdravému a rozumnému poľnohospodárstvu |
| 520 | |a Pestovanie bylín a liečivých rastlín v ekologicky čistom prostredí Pienin. Na otázky odpovedá konateľka firmy Agrokarpaty s.r.o., Plavnica. | ||
| 610 | 2 | 0 | |a zdravie |
| 610 | 2 | 0 | |a liečivá |
| 610 | 2 | 0 | |a poľnohospodárstvo ekologické |
| 610 | 2 | 0 | |a Slovensko |